[Event "Interclub B"]
[Site "Adelaide"]
[Date "2008.06.10"]
[Round "7"]
[White "Horan, Paul"]
[Black "Mayo, Eleesheva"]
[Result "1-0"]
[PlyCount "99"]
[WhiteElo "728"]
[BlackElo "670"]

1. e4 d5 2. exd5 Qxd5 3. Nc3 Qa5 4. d4 c6 5. Bd2 Nf6 6. Ne4 Qc7 7. Bd3 e5 8.
Nf3 Nxe4 9. Bxe4 exd4 10. Nxd4 Qe5 11. Qe2 Bd6 12. Bc3 O-O 13. O-O-O Qg5+ 14.
Kb1 Bd7 15. Nf3 Qe7 16. h4 Bf5 17. Rde1 Re8 18. Qd3 Be5 19. Bxe5 Bxe4 20. Rxe4
Nd7 21. b4 Nxe5 22. Rxe5 Qxb4+ 23. Ka1 h6 24. Rxe8+ Rxe8 25. a3 Qf4 26. Rb1 Rb8
27. g3 Qc7 28. Rd1 b5 29. Qd7 Qa5 30. Ka2 b4 31. Qd3 c5 32. Ne5 Qa4 33. Qf3 f6
34. Nd7 Rb5 35. Qd5+ Kh8 36. Qb3 Qa5 37. a4 c4 38. Qxc4 Qxa4+ 39. Kb1 Ra5 40.
Qc8+ Kh7 41. Nxf6+ Kg6 42. h5+ Kf7 43. Qc4+ Kf8 44. Qg8+ Ke7 45. Rd7+ Kxf6 46.
Qxg7+ Ke6 47. Re7+ Kd5 48. Re5+ Kc4 49. Qg4+ Kc3 50. Re3+ 1-0

[Event "Interclub B"]
[Site "Adelaide"]
[Date "2008.06.10"]
[Round "7"]
[White "Branson, Edward"]
[Black "Vuckov, George"]
[Result "1-0"]
[PlyCount "67"]
[WhiteElo "1014"]
[BlackElo "1231"]

1. e4 e5 2. Nf3 Nf6 3. Bc4 Nc6 4. d3 h6 5. Nc3 Bb4 6. Bd2 O-O 7. a3 Be7 8. O-O
b6 9. Ne2 d6 10. Ng3 Be6 11. Nf5 Bxc4 12. dxc4 Nxe4 13. Nxe7+ Nxe7 14. Be3 f5
15. Qd3 Nc5 16. Qe2 f4 17. Bd2 Kh8 18. Bc3 Nf5 19. Rad1 Qf6 20. b4 Ne6 21. Qe4
Ng5 22. Qd5 Qg6 23. Kh1 Ne7 24. Qd3 Qf7 25. Nh4 Qh5 26. g3 Ne6 27. Rg1 g5 28.
Nf3 fxg3 29. Rxg3 Nf4 30. Qe4 Rae8 31. Nxe5 Qxd1+ 32. Rg1 Qxg1+ 33. Kxg1 dxe5
34. Qxe5+ 1-0

[Event "Interclub B"]
[Site "Adelaide"]
[Date "2008.06.10"]
[Round "7"]
[White "Ballantyne, Martin"]
[Black "Glasson, Benjamin"]
[Result "0-1"]
[PlyCount "56"]
[WhiteElo "931"]
[BlackElo "1589"]

1. e4 c5 2. Nf3 e6 3. Nc3 Nc6 4. Be2 d6 5. d4 cxd4 6. Nxd4 Nf6 7. O-O Be7 8.
Bf4 Nxd4 9. Qxd4 e5 10. Bxe5 dxe5 11. Qxe5 a6 12. Rad1 Qb6 13. Nd5 Nxd5 14.
Qxg7 Qf6 15. Qxf6 Nxf6 16. f3 Be6 17. a3 O-O 18. h3 Rfd8 19. Bd3 Nd7 20. b4 Ne5
21. f4 Nxd3 22. cxd3 Rd4 23. Rf3 Rad8 24. f5 Bc4 25. Rc1 Bxd3 26. f6 Bf8 27.
Rg3+ Kh8 28. Rc7 Bd6 0-1

[Event "Interclub B"]
[Site "Adelaide"]
[Date "2008.06.03"]
[Round "6"]
[White "Vuckov, George"]
[Black "Horan, Paul"]
[Result "1-0"]
[PlyCount "53"]
[WhiteElo "1231"]
[BlackElo "728"]

1. d4 Nf6 2. c4 d5 3. Nc3 c5 4. dxc5 d4 5. Nb5 e5 6. b4 a6 7. Nd6+ Bxd6 8. cxd6
Qxd6 9. c5 Qd5 10. e3 Bg4 11. f3 Be6 12. e4 Qd7 13. Bd2 O-O 14. Nh3 h6 15. Nf2
Nc6 16. Bd3 a5 17. b5 Nb4 18. a4 Rfc8 19. Rc1 Ne8 20. O-O Nxd3 21. Nxd3 f6 22.
Qe1 Bb3 23. Nb2 Qe7 24. Bxa5 Rxc5 25. Rxc5 Qxc5 26. Bb4 d3+ 27. Bxc5 1-0

[Event "Interclub B"]
[Site "Adelaide"]
[Date "2008.06.03"]
[Round "6"]
[White "Morrissey, Laura"]
[Black "Ramos, Antonio"]
[Result "0-1"]
[PlyCount "52"]
[WhiteElo "659"]
[BlackElo "1551"]

1. f4 e6 2. Nf3 Nf6 3. e3 Bc5 4. b3 b6 5. Bb2 Bb7 6. Bd3 Na6 7. O-O O-O 8. Qe2
Nb4 9. Ng5 g6 10. Nc3 d5 11. Nb5 Bd6 12. Qf3 h6 13. Qh3 hxg5 14. fxg5 Nh7 15.
Qh6 e5 16. Rxf7 Rxf7 17. Qxg6+ Rg7 18. Qe6+ Kh8 19. Qh6 Nxd3 20. g6 Qg5 21.
Qxg5 Nxg5 22. cxd3 Rxg6 23. e4 Rag8 24. d4 Nf3+ 25. Kh1 Rxg2 26. Nxd6 Rxh2# 0-1

[Event "Interclub B"]
[Site "Adelaide"]
[Date "2008.06.03"]
[Round "6"]
[White "Maric, Milan"]
[Black "Searle, Zachary"]
[Result "1/2-1/2"]
[PlyCount "71"]
[WhiteElo "1433"]
[BlackElo "1422"]

1. d4 d5 2. c4 c6 3. Nc3 e6 4. cxd5 cxd5 5. Nf3 Nf6 6. Bg5 Be7 7. e3 O-O 8. Bd3
Nc6 9. a3 h6 10. Bh4 Nh7 11. Bxe7 Qxe7 12. O-O Rd8 13. b4 a6 14. Na4 e5 15.
Nxe5 Nxe5 16. dxe5 Qxe5 17. Nb6 Rb8 18. Qc2 Nf6 19. Nxc8 Rbxc8 20. Qe2 Rc3 21.
f4 Qe7 22. Rfc1 Rdc8 23. Rxc3 Rxc3 24. Qd2 Qc7 25. h3 Ne4 26. Bxe4 dxe4 27. Qd4
Rc4 28. Qd5 Rc1+ 29. Rxc1 Qxc1+ 30. Kf2 Qc2+ 31. Kf1 b5 32. Qd4 Qc6 33. Kf2
Qc2+ 34. Kf1 Qc1+ 35. Kf2 Qc6 36. Kf1 1/2-1/2

[Event "Interclub B"]
[Site "Adelaide"]
[Date "2008.06.03"]
[Round "6"]
[White "Mading, John Thon"]
[Black "Watters, Daniel"]
[Result "1-0"]
[PlyCount "71"]
[WhiteElo "1183"]
[BlackElo "1340"]

1. d4 Nf6 2. Nf3 g6 3. g3 b6 4. Bg2 Bb7 5. c3 Bg7 6. Qb3 O-O 7. h4 d6 8. Bf4
Nbd7 9. Qc2 Re8 10. Qc1 c5 11. dxc5 Nxc5 12. Bh6 Bh8 13. h5 Ne6 14. hxg6 fxg6
15. Nbd2 Ng4 16. Rh4 Nxh6 17. Rxh6 Bg7 18. Rh2 Rb8 19. Qc2 d5 20. e3 Rf8 21.
O-O-O d4 22. exd4 Nxd4 23. Nxd4 Bxd4 24. Qb3+ Kh8 25. Bxb7 Rxb7 26. cxd4 Rc7+
27. Kb1 Qxd4 28. Qe3 Qf6 29. Rdh1 e6 30. g4 Rff7 31. g5 Qf5+ 32. Qe4 Qxg5 33.
Qa8+ Kg7 34. Rxh7+ Kf6 35. Rxf7+ Rxf7 36. Ne4+ 1-0

[Event "Interclub B"]
[Site "Adelaide"]
[Date "2008.06.03"]
[Round "6"]
[White "Lower, Kevin"]
[Black "Chesney, David"]
[Result "1-0"]
[PlyCount "67"]
[WhiteElo "1103"]
[BlackElo "1343"]

1. e4 e6 2. d4 d5 3. e5 c5 4. Nf3 Nc6 5. c3 Nge7 6. Bd3 Ng6 7. Qc2 Qb6 8. Be3
Bd7 9. O-O Rc8 10. Qe2 c4 11. Bxg6 hxg6 12. Ng5 Be7 13. f4 f6 14. Nh3 Kf7 15.
Na3 Bxa3 16. bxa3 Qa5 17. Qc2 Qxa3 18. Ng5+ Kg8 19. exf6 Be8 20. fxg7 Kxg7 21.
Nxe6+ Kf7 22. f5 Ne7 23. Ng5+ Kg8 24. f6 Nf5 25. Bc1 Qd6 26. Bf4 Qxf6 27. Qd2
Qc6 28. Rae1 Qd7 29. Be5 Rh4 30. g3 Rh5 31. g4 Rxg5 32. Qxg5 a6 33. Qf6 Qf7 34.
Qh8# 1-0

[Event "Interclub B"]
[Site "Adelaide"]
[Date "2008.06.03"]
[Round "6"]
[White "Heitmann, Gordon"]
[Black "Branson, Edward"]
[Result "1-0"]
[PlyCount "97"]
[WhiteElo "1214"]
[BlackElo "1014"]

1. d4 Nf6 2. Nf3 d5 3. e3 Bf5 4. c4 c6 5. Nbd2 e6 6. cxd5 cxd5 7. Bb5+ Nbd7 8.
O-O a6 9. Ba4 b5 10. Bb3 Be7 11. Nh4 Bg4 12. f3 Bh5 13. g4 Bg6 14. e4 dxe4 15.
Nxg6 hxg6 16. fxe4 Qb6 17. Qf3 Qxd4+ 18. Kh1 Bd6 19. e5 Ke7 20. exd6+ Qxd6 21.
Rf2 Rab8 22. g5 Ne5 23. gxf6+ gxf6 24. Qxf6+ Kd7 25. Nf1 Rbf8 26. Bf4 Qc6+ 27.
Kg1 Ng4 28. Rd2+ Kc8 29. Qd4 Rd8 30. Bd6 Rh5 31. Rc2 Rxd6 32. Rxc6+ Rxc6 33.
Qxg4 Rcc5 34. Ng3 Rhg5 35. Qe4 Kb8 36. Rd1 Kc7 37. Qf4+ Kb7 38. Qxf7+ Rc7 39.
Qxe6 Rgc5 40. Qe4+ Ka7 41. Qxg6 R5c6 42. Qe8 Rc8 43. Rd7+ Kb6 44. Qe3+ Ka5 45.
Bd1 Rc5 46. a3 b4 47. Rb7 Rb5 48. axb4+ Kxb4 49. Qa3+ 1-0

[Event "Interclub B"]
[Site "Adelaide"]
[Date "2008.06.03"]
[Round "6"]
[White "Glasson, Benjamin"]
[Black "Low, Brandon"]
[Result "1-0"]
[PlyCount "57"]
[WhiteElo "1589"]
[BlackElo "1365"]

1. e4 e5 2. Nf3 d6 3. d4 exd4 4. Nxd4 Bd7 5. Nc3 Nc6 6. Be3 Nf6 7. f3 Be7 8. g4
h6 9. Qd2 Nh7 10. O-O-O Bg5 11. f4 Bf6 12. Nf5 Bxf5 13. exf5 Bxc3 14. Qxc3 Qf6
15. Qb3 Kd7 16. h4 Rhe8 17. Bb5 a6 18. Bd4 Qe7 19. Bxc6+ bxc6 20. Bxg7 Qe3+ 21.
Qxe3 Rxe3 22. Rde1 Rae8 23. Rxe3 Rxe3 24. g5 Ke7 25. Kd2 Re4 26. Re1 Rxe1 27.
Kxe1 hxg5 28. fxg5 f6 29. g6 1-0

[Event "Interclub B"]
[Site "Adelaide"]
[Date "2008.06.03"]
[Round "6"]
[White "Carter, Morgan"]
[Black "Sanders, Michael"]
[Result "0-1"]
[PlyCount "86"]
[WhiteElo "384"]
[BlackElo "1184"]

1. c4 e5 2. Nc3 Nc6 3. Nf3 f5 4. d4 e4 5. Nd2 Nf6 6. Nb3 a5 7. d5 Ne5 8. Nd4 g6
9. Bf4 Nxc4 10. Qb3 Bd6 11. Bh6 Ne5 12. e3 Bb4 13. a3 Bxc3+ 14. bxc3 c6 15. d6
Nf7 16. Bg7 Rg8 17. Bxf6 Qxf6 18. Bc4 b5 19. Bxf7+ Qxf7 20. Qd1 Ba6 21. O-O b4
22. Re1 c5 23. Nc2 b3 24. Nd4 cxd4 25. Qxd4 b2 26. Rab1 Bd3 27. Rxb2 Qe6 28.
Rc1 Kf7 29. c4 Ra6 30. Rb6 Rxb6 31. Qxb6 Bxc4 32. Qxa5 Qxd6 33. g3 Qa6 34. Qc5
Rc8 35. Qb4 Be6 36. Ra1 Rc2 37. Qe1 Qe2 38. Qf1 Qxf1+ 39. Kxf1 Bc4+ 40. Kg1 Ra2
41. Rd1 Bd3 42. Rc1 Rxa3 43. Rc7 Ra1+ 0-1

[Event "Interclub B"]
[Site "Adelaide"]
[Date "2008.06.03"]
[Round "6"]
[White "Beltsos, Michael"]
[Black "Koodrin, Zina"]
[Result "1-0"]
[PlyCount "28"]
[WhiteElo "1135"]
[BlackElo "1210"]
[Annotator "Anderson-Smith,W.T."]

1. c4 Nf6 2. b3 c5 3. Bb2 Nc6 4. Nf3 d6 5. g3 e6 6. Bg2 Be7 7. O-O Rb8 8. Nc3
O-O 9. Rb1 d5 10. cxd5 exd5 11. e3 Bd6 12. d3 Qc7 13. Qc2 a6 14. Rfc1 b6 1-0
{Following moves unknown.}

[Event "Interclub B"]
[Site "Adelaide"]
[Date "2008.05.27"]
[Round "5"]
[White "Wilson, James E"]
[Black "Glasson, Benjamin"]
[Result "1/2-1/2"]
[PlyCount "90"]
[WhiteElo "1392"]
[BlackElo "1589"]

1. e4 c5 2. Nf3 a6 3. d4 cxd4 4. Nxd4 g6 5. Bd3 Bg7 6. c3 d5 7. O-O dxe4 8.
Bxe4 Nf6 9. Bf3 O-O 10. Be3 Qc7 11. Nd2 e5 12. N4b3 Nc6 13. Nc5 b5 14. Nde4
Nxe4 15. Bxe4 Rd8 16. Qf3 Bf5 17. Bxc6 Rac8 18. Be4 Bxe4 19. Nxe4 f5 20. Ng5
Qe7 21. Nh3 h6 22. Qe2 g5 23. f3 Re8 24. Rad1 e4 25. Bd4 e3 26. g3 Qe6 27. Kg2
Qg6 28. Bxg7 Qxg7 29. Rd4 h5 30. Rfd1 g4 31. fxg4 fxg4 32. Nf4 Qb7+ 33. Kg1 Qf7
34. Rd7 Qf5 35. R1d5 Qb1+ 36. Rd1 Qe4 37. Nxh5 Rf8 38. Nf4 Qf3 39. R1d3 Rce8
40. R3d6 Qxe2 41. Nxe2 Rf2 42. Nd4 e2 43. Nxe2 Rexe2 44. Rxa6 Rg2+ 45. Kf1
Rgf2+ 1/2-1/2

[Event "Interclub B"]
[Site "Adelaide"]
[Date "2008.05.27"]
[Round "5"]
[White "Vuckov, George"]
[Black "Mayo, Eleesheva"]
[Result "1-0"]
[PlyCount "60"]
[WhiteElo "1231"]
[BlackElo "670"]
[Annotator "Anderson-Smith,W.T."]

1. d4 Nf6 2. c4 e6 3. Nc3 Bb4 4. Bd2 b6 5. Nf3 Bb7 6. e3 O-O 7. Bd3 c5 8. Qc2
cxd4 9. exd4 d5 10. a3 Bxc3 11. bxc3 dxc4 12. Bxc4 Bxf3 13. gxf3 Nbd7 14. Rg1
Nh5 15. Bd3 Ndf6 16. Bg5 Qc7 17. f4 Kh8 18. Bxf6 Nxf6 19. Qd2 Nd5 20. Be4 Rae8
21. Rc1 Nxf4 22. Rg3 f5 23. Bb1 e5 24. Kf1 Qc4+ 25. Bd3 Nxd3 26. Rxd3 e4 27.
Rd1 f4 28. Kg1 Rf6 29. Rh3 Rg6+ 30. Kh1 f3 1-0

[Event "Interclub B"]
[Site "Adelaide"]
[Date "2008.05.27"]
[Round "5"]
[White "Perks, Hugh"]
[Black "Watters, Daniel"]
[Result "0-1"]
[PlyCount "82"]
[WhiteElo "534"]
[BlackElo "1340"]

1. e4 d6 2. d4 Nf6 3. Nc3 g6 4. Nf3 Bg7 5. Be3 O-O 6. Qd2 Re8 7. Bc4 e6 8. O-O
d5 9. Bd3 Nc6 10. Bh6 dxe4 11. Nxe4 Nxe4 12. Bxe4 Nxd4 13. Nxd4 Qxd4 14. Qxd4
Bxd4 15. Rab1 f5 16. Bf3 Bg7 17. Bf4 e5 18. Rfe1 Bd7 19. Bd2 e4 20. Be2 Be6 21.
b3 Rad8 22. Bf4 a6 23. c4 Rd7 24. f3 Bf7 25. Kf2 Bd4+ 26. Be3 Bxe3+ 27. Kxe3
exf3+ 28. Kxf3 g5 29. Rbd1 Rxd1 30. Rxd1 Bh5+ 31. Kf2 Rxe2+ 32. Kf1 Re7 33. Rd5
Rf7 34. Rd8+ Kg7 35. Rb8 b6 36. b4 Re7 37. Rb7 Be2+ 38. Kf2 Bxc4 39. a4 h5 40.
a5 bxa5 41. bxa5 Bb5 0-1

[Event "Interclub B"]
[Site "Adelaide"]
[Date "2008.05.27"]
[Round "5"]
[White "Morrissey, Laura"]
[Black "Sanders, Michael"]
[Result "1-0"]
[PlyCount "73"]
[WhiteElo "659"]
[BlackElo "1184"]

1. f4 Nf6 2. Nf3 c5 3. e3 b6 4. b3 Bb7 5. Bb2 e6 6. Bb5 a6 7. Bd3 Be7 8. O-O
O-O 9. Ng5 h6 10. Nh3 d5 11. f5 Qc7 12. Nf4 e5 13. Nh5 Nbd7 14. c4 Rfd8 15. Qe2
e4 16. Bc2 Nxh5 17. Qxh5 Nf6 18. Qh4 d4 19. Rf4 Nd5 20. f6 Bxf6 21. Rxf6 Nxf6
22. Na3 Qd6 23. Rf1 Rac8 24. d3 exd3 25. Bxd3 Qe6 26. Nc2 Ng4 27. Bf5 Qc6 28.
Qxg4 Rc7 29. exd4 g6 30. d5 Qd6 31. Be6 Kh7 32. Bxf7 Bc8 33. Qe4 Rxf7 34. Rxf7+
Kg8 35. Rg7+ Kf8 36. Rxg6 Qe7 37. Rg8+ 1-0

[Event "Interclub B"]
[Site "Adelaide"]
[Date "2008.05.27"]
[Round "5"]
[White "Mading, John Thon"]
[Black "Chesney, David"]
[Result "0-1"]
[PlyCount "96"]
[WhiteElo "1183"]
[BlackElo "1343"]

1. d4 Nf6 2. c3 e6 3. Nf3 c5 4. g3 d5 5. Bg2 Ne4 6. O-O Bd6 7. Nbd2 f5 8. e3
Qf6 9. Nb3 c4 10. Nbd2 Nc6 11. Nxe4 fxe4 12. Nd2 e5 13. b3 b5 14. a4 b4 15. Bb2
cxb3 16. Qxb3 Be6 17. Qc2 O-O 18. c4 Rac8 19. c5 Bc7 20. Nb3 Qg5 21. Qe2 a5 22.
Qa6 Bd7 23. Qe2 Rf7 24. f4 exf3 25. Rxf3 Bg4 26. e4 Bxf3 27. Bxf3 dxe4 28. Qxe4
exd4 29. Bc1 Qe5 30. Qg4 Rcf8 31. Be2 Qf5 32. Qxf5 Rxf5 33. Ra2 Rf2 34. Bc4+
R2f7 35. Rf2 Ne5 36. Bxf7+ Rxf7 37. Rxf7 Kxf7 38. Nxd4 Nd3 39. Be3 Nxc5 40. Nb5
b3 41. Bxc5 b2 42. Nc3 Be5 43. Nb1 Ke6 44. Bb6 Kd5 45. Bxa5 Kc4 46. Bd2 Kb3 47.
a5 Kc2 48. Be3 Kxb1 0-1

[Event "Interclub B"]
[Site "Adelaide"]
[Date "2008.05.27"]
[Round "5"]
[White "Koodrin, Zina"]
[Black "Carter, Morgan"]
[Result "1-0"]
[PlyCount "58"]
[WhiteElo "1210"]
[BlackElo "384"]

1. c4 Nf6 2. Nc3 c5 3. Nf3 e6 4. g3 g6 5. Bg2 Bg7 6. e4 d6 7. O-O Nc6 8. d3 O-O
9. Bf4 e5 10. Bg5 h6 11. Be3 Nh7 12. Qc1 f5 13. Bxh6 f4 14. Bxg7 Kxg7 15. Nd5
Nd4 16. Nxd4 cxd4 17. b4 f3 18. Bh1 Ng5 19. h4 Nh3+ 20. Kh2 Bg4 21. Qd1 Nf4 22.
Bxf3 Bxf3 23. Qxf3 Nxd5 24. Qe2 Nf4 25. Qd2 Rh8 26. Rh1 Rxh4+ 27. gxh4 Qxh4+
28. Kg1 Qg4+ 29. Kf1 Qg2+ 1-0

[Event "Interclub B"]
[Site "Adelaide"]
[Date "2008.05.27"]
[Round "5"]
[White "Heitmann, Gordon"]
[Black "Horan, Paul"]
[Result "0-1"]
[PlyCount "76"]
[WhiteElo "1214"]
[BlackElo "728"]
[Annotator "Anderson-Smith,W.T."]

1. d4 Nf6 2. Nf3 g6 3. g3 d5 4. Bg2 c5 5. Bg5 Bg7 6. O-O O-O 7. Nbd2 cxd4 8.
Nb3 e5 9. Nxe5 Nc6 10. Nf3 Qb6 11. Nfxd4 Ne4 12. Be3 Qd8 13. c3 Ne5 14. Nd2
Nxd2 15. Qxd2 Nc4 16. Qc1 Re8 17. Re1 Nxe3 18. fxe3 Bh6 19. Qd1 Bxe3+ 20. Kh1
Bg4 21. Nc2 Bf2 22. Rf1 Bxe2 23. Qd2 Bxf1 24. Rxf1 Bb6 25. Bxd5 Re6 26. c4 Rc8
27. Qf4 Rc7 28. Bxe6 fxe6 29. b4 a6 30. c5 Ba7 31. Nd4 Bb8 32. Qg4 Qd5+ 33. Kg1
Re7 34. Qd1 Rd7 35. Qb3 Qxd4+ 36. Kg2 Qd5+ 37. Qxd5 Rxd5 38. Kh3 g5 0-1
{Following moves unknown.}

[Event "Interclub B"]
[Site "Adelaide"]
[Date "2008.05.27"]
[Round "5"]
[White "Branson, Edward"]
[Black "Ramos, Antonio"]
[Result "1-0"]
[PlyCount "63"]
[WhiteElo "1014"]
[BlackElo "1551"]

1. e4 e5 2. Nf3 Nc6 3. Bc4 Bc5 4. d3 d6 5. h3 Nd4 6. c3 Nxf3+ 7. Qxf3 Be6 8.
Bxe6 fxe6 9. a4 Qh4 10. O-O O-O-O 11. b4 Qe7 12. bxc5 dxc5 13. Ba3 b6 14. c4
Qd7 15. a5 bxa5 16. Bxc5 a4 17. Bxa7 Ne7 18. Nc3 Rhf8 19. Qe3 Qc6 20. Rab1 Kd7
21. Bc5 h6 22. Rbd1 Ra8 23. Ba3 Qb7 24. d4 Kc8 25. Bxe7 Rf7 26. Bc5 a3 27. dxe5
Rd7 28. Rxd7 Kxd7 29. Rd1+ Ke8 30. Qf4 Qd5 31. Qf8+ Kd7 32. Rxd5+ 1-0

[Event "Interclub B"]
[Site "Adelaide"]
[Date "2008.05.20"]
[Round "4"]
[White "Watters, Daniel"]
[Black "Ramos, Antonio"]
[Result "1-0"]
[PlyCount "83"]
[WhiteElo "1340"]
[BlackElo "1551"]

1. Nf3 d5 2. g3 f6 3. d4 Nc6 4. Bg2 e5 5. dxe5 fxe5 6. O-O b6 7. Nc3 Nf6 8. Bg5
Be6 9. Re1 Bc5 10. e3 Bb4 11. a3 Bc5 12. b4 Be7 13. b5 Na5 14. Nxe5 O-O 15. a4
Qd6 16. Bf4 Qc5 17. Qd4 Qxd4 18. exd4 Bb4 19. Re3 Rae8 20. Nc6 Nc4 21. Nxb4
Nxe3 22. fxe3 Bf5 23. Ncxd5 Be4 24. Nxf6+ Rxf6 25. Be5 Rf7 26. Bxe4 Ref8 27.
Bd5 h6 28. Rf1 Kh8 29. Rxf7 Rxf7 30. Bxf7 Kh7 31. Bxc7 g5 32. d5 Kg7 33. Bh5
Kf8 34. d6 Kg7 35. d7 Kf6 36. d8=Q+ Ke6 37. Bg4+ Kf7 38. Qd5+ Ke7 39. Qe6+ Kf8
40. Bh5 Kg7 41. Be5+ Kf8 42. Qf7# 1-0

[Event "Interclub B"]
[Site "Adelaide"]
[Date "2008.05.20"]
[Round "4"]
[White "Searle, Zachary"]
[Black "Shohani, Ammar"]
[Result "1-0"]
[PlyCount "69"]
[WhiteElo "1422"]
[BlackElo "1583"]

1. e4 d6 2. d4 h6 3. c4 a6 4. Nc3 Nf6 5. Nf3 Bg4 6. Be2 Nbd7 7. O-O Bxf3 8.
Bxf3 e5 9. Be3 Be7 10. Qd2 Nh7 11. Be2 O-O 12. Rad1 Bg5 13. Bxg5 Qxg5 14. Qxg5
hxg5 15. Nd5 c6 16. Ne7+ Kh8 17. Nf5 exd4 18. Rxd4 Nc5 19. Nxd6 Nf6 20. Rfd1
Ne6 21. R4d2 b6 22. e5 Ne8 23. Bf3 Nxd6 24. exd6 Nd8 25. Re1 g6 26. Re7 Kg7 27.
Rc7 Re8 28. Kf1 g4 29. Bxc6 Nxc6 30. Rxc6 Rec8 31. Rxc8 Rxc8 32. d7 Rd8 33. b4
Kf6 34. c5 Ke7 35. c6 1-0

[Event "Interclub B"]
[Site "Adelaide"]
[Date "2008.05.20"]
[Round "4"]
[White "Mayo, Eleesheva"]
[Black "Heitmann, Gordon"]
[Result "0-1"]
[PlyCount "70"]
[WhiteElo "670"]
[BlackElo "1214"]

1. e4 e6 2. d4 d5 3. e5 c5 4. c3 Nc6 5. Nf3 cxd4 6. cxd4 Nge7 7. Bg5 Qb6 8. b3
Nf5 9. Nc3 Bb4 10. Rc1 Nfxd4 11. Be3 Nxf3+ 12. Qxf3 d4 13. Bd2 dxc3 14. Bxc3
Bxc3+ 15. Qxc3 Qb4 16. Qxb4 Nxb4 17. a3 Nd5 18. Bd3 Bd7 19. O-O Bc6 20. f4 Rd8
21. Be2 O-O 22. Rf3 Ne7 23. Rh3 Rd2 24. Bf3 Rfd8 25. Bxc6 Nxc6 26. g4 Ra2 27.
a4 Rdd2 28. Rg3 Rxh2 29. f5 exf5 30. gxf5 Rhf2 31. f6 g6 32. Rd3 h5 33. Rd7
Nxe5 34. Rc8+ Kh7 35. Rd4 Nf3+ 0-1

[Event "Interclub B"]
[Site "Adelaide"]
[Date "2008.05.20"]
[Round "4"]
[White "Koodrin, Zina"]
[Black "Morrissey, Laura"]
[Result "1-0"]
[PlyCount "67"]
[WhiteElo "1210"]
[BlackElo "959"]

1. d4 d5 2. c4 e5 3. Nc3 Bb4 4. a3 exd4 5. Qxd4 Bxc3+ 6. Qxc3 Nf6 7. e3 O-O 8.
b3 Nc6 9. Bd3 d4 10. Qb2 Ne5 11. Be2 d3 12. Qxe5 dxe2 13. Nxe2 Ng4 14. Qc3 Qh4
15. Ng3 Nxh2 16. Bb2 f6 17. Ke2 Bg4+ 18. Kd2 Rad8+ 19. Kc2 Bf5+ 20. Nxf5 Qxf2+
21. Kb1 Qxf5+ 22. Qc2 Qxc2+ 23. Kxc2 Ng4 24. Rae1 Rfe8 25. Bd4 b6 26. b4 Rc8
27. c5 Kf7 28. Rh4 Nh6 29. Rf1 Kg6 30. g4 Kg5 31. Rh2 Nxg4 32. Rxh7 Rxe3 33.
Rxg7+ Kh5 34. Rh1+ 1-0

[Event "Interclub B"]
[Site "Adelaide"]
[Date "2008.05.20"]
[Round "4"]
[White "Glasson, Benjamin"]
[Black "Maric, Milan"]
[Result "1-0"]
[PlyCount "97"]
[WhiteElo "1589"]
[BlackElo "1433"]

1. e4 e6 2. d4 d5 3. e5 c5 4. c3 Qb6 5. Nf3 Ne7 6. Bd3 Nbc6 7. O-O c4 8. Be2
Ng6 9. b3 cxb3 10. axb3 Na5 11. b4 Nc4 12. Nbd2 Qc6 13. Nxc4 dxc4 14. Nd2 Nf4
15. Bf3 Nd5 16. Ne4 b6 17. Ba3 b5 18. Qc2 Be7 19. Bc1 O-O 20. Bg5 Qc7 21. Bxe7
Qxe7 22. Nc5 f5 23. Bxd5 exd5 24. f4 g5 25. g3 Rf7 26. Rae1 a5 27. bxa5 Rxa5
28. e6 Rf8 29. Re5 g4 30. Rxf5 Ra7 31. Rxf8+ Qxf8 32. f5 Qf6 33. Qe2 h5 34. Re1
Re7 35. Qe5 Kg7 36. Qxd5 Qg5 37. Qe5+ Qf6 38. Kf2 Re8 39. Qxf6+ Kxf6 40. Ne4+
Ke7 41. Ke3 Bb7 42. Kf4 Bxe4 43. Rxe4 Kf6 44. d5 Ke7 45. Ke5 Rb8 46. f6+ Ke8
47. Kd6 Rd8+ 48. Kc5 Rc8+ 49. Kxb5 1-0

[Event "Interclub B"]
[Site "Adelaide"]
[Date "2008.05.20"]
[Round "4"]
[White "Chesney, David"]
[Black "Perks, Hugh"]
[Result "1-0"]
[PlyCount "77"]
[WhiteElo "1343"]
[BlackElo "534"]

1. d4 Nf6 2. c4 d6 3. Nc3 g6 4. Nf3 Bg7 5. e3 O-O 6. Bd3 Bd7 7. Qc2 Re8 8. Bd2
b6 9. O-O-O c5 10. d5 e6 11. Ng5 Na6 12. a3 Nc7 13. e4 Rb8 14. h4 b5 15. a4
bxc4 16. Bxc4 a5 17. e5 Ng4 18. exd6 Nxf2 19. dxc7 Qxc7 20. d6 Qb7 21. b3 Nxd1
22. Rxd1 Red8 23. Nb5 Bc6 24. Bf4 Rd7 25. Nxe6 Qb6 26. Nec7 Kf8 27. Bd5 Bf6 28.
Bxc6 Qxc6 29. Qd2 Qb6 30. Qd5 Bxh4 31. Bh6+ Kg8 32. Qe4 Bg3 33. Rd3 Bxd6 34.
Nd5 Qd8 35. Re3 Kh8 36. Nf6 Re7 37. Nxd6 Qxd6 38. Qxe7 Qd4 39. Qe8+ 1-0

[Event "Interclub B"]
[Site "Adelaide"]
[Date "2008.05.20"]
[Round "4"]
[White "Branson, Edward"]
[Black "Mading, John Thon"]
[Result "0-1"]
[PlyCount "66"]
[WhiteElo "1014"]
[BlackElo "1183"]

1. e4 d5 2. exd5 Qxd5 3. Nf3 Qd8 4. Nc3 c6 5. Be2 Nf6 6. d4 g6 7. Be3 Bg7 8.
O-O Qc7 9. h3 Bf5 10. Bc4 O-O 11. Qd2 Ne4 12. Nxe4 Bxe4 13. Be2 Nd7 14. Rad1
Nb6 15. b3 Rfd8 16. c3 e5 17. Qc1 exd4 18. cxd4 Nd5 19. Rd2 Nxe3 20. fxe3 Qg3
21. Qe1 Qd6 22. Qf2 f5 23. Ng5 Qe7 24. Ne6 Qxe6 25. Bc4 Bd5 26. e4 Bxc4 27.
bxc4 Qxe4 28. Qg3 Bxd4+ 29. Kh1 Be5 30. Rxd8+ Rxd8 31. Qb3 Rd3 32. Qxb7 Rxh3+
33. Kg1 Bd4+ 0-1

[Event "Interclub B"]
[Site "Adelaide"]
[Date "2008.05.13"]
[Round "3"]
[White "Wilson, James"]
[Black "Low, Brandon"]
[Result "1-0"]
[PlyCount "41"]
[WhiteElo "1392"]
[BlackElo "1365"]

1. e4 e5 2. Nf3 d6 3. Nc3 Nf6 4. Bc4 Be6 5. Bxe6 fxe6 6. O-O Nc6 7. d3 Be7 8.
Ng5 Qd7 9. f4 exf4 10. Bxf4 e5 11. Bd2 Nd4 12. Nd5 Ne6 13. Nxe6 Nxd5 14. exd5
Bf6 15. c4 c6 16. Qf3 cxd5 17. cxd5 Rc8 18. Rac1 Kf7 19. Bg5 Qe7 20. Bxf6 Qxf6
21. Qh5+ 1-0

[Event "Interclub B"]
[Site "Adelaide"]
[Date "2008.05.13"]
[Round "3"]
[White "Searle, Zachary"]
[Black "Glasson, Benjamin"]
[Result "1-0"]
[PlyCount "118"]
[WhiteElo "1422"]
[BlackElo "1589"]

1. e4 e6 2. d4 d5 3. exd5 exd5 4. c4 Nf6 5. Nc3 Be7 6. Bd3 Be6 7. c5 O-O 8.
Nge2 a5 9. O-O b6 10. cxb6 cxb6 11. Bg5 Na6 12. a3 Nc7 13. Bc2 h6 14. Bh4 g6
15. f4 Ng4 16. Bf2 f5 17. h3 Nf6 18. Bh4 Ne4 19. Bxe7 Qxe7 20. Nc1 Qh4 21. Nd3
g5 22. Ne5 Kg7 23. Qe1 Ng3 24. fxg5 hxg5 25. Nf3 Qf4 26. Rf2 g4 27. Qe5+ Qxe5
28. Nxe5 gxh3 29. gxh3 Kf6 30. Kh2 Nh5 31. Raf1 Ng7 32. Rg1 Rg8 33. Ng4+ Kg5
34. h4+ Kg6 35. Rfg2 Raf8 36. Ne5+ Kf6 37. Rg6+ Ke7 38. Rxg7+ Rxg7 39. Rxg7+
Kd6 40. Ng6 Rf6 41. Nf4 b5 42. Rg6 Rxg6 43. Nxg6 b4 44. axb4 axb4 45. Ne2 Ne8
46. Nef4 Bd7 47. Ne5 Bc8 48. Nf7+ Ke7 49. Nh6 Nd6 50. Nxd5+ Kf8 51. Ng8 Kxg8
52. Ne7+ Kf7 53. Nxc8 Nxc8 54. Bxf5 Ne7 55. Be4 Ke6 56. Kg3 Ng8 57. Kf4 Nf6 58.
Bf3 b3 59. h5 Nd7 1-0